Normal view
MARC view
Entry Personal Name
001 - CONTROL NUMBER
- control field: 440077
003 - CONTROL NUMBER IDENTIFIER
- control field:
005 - DATE AND TIME OF LATEST TRANSACTION
- control field: 20210602125850.0
008 - FIXED-LENGTH DATA ELEMENTS
- fixed length control field: 210602|| aca||aabn | a|a d
040 ## - CATALOGING SOURCE
- Original cataloging agency:
- Transcribing agency:
100 ## - HEADING--PERSONAL NAME
- Personal name: Kinstler, John
670 ## - SOURCE DATA FOUND
- Source citation: Work cat.: (): Irving, Robert, 1926- 440071, The fine houses of Sydney /, 1982
